00670nam a22001697a 4500041000800000082001300008100002600021245004300047260004800090300000800138650001200146942000700158952010600165952010600271952010600377999001700483 aENG a296bMAL aMalekar Ezekiel Isaac aThe Lord is One Judaism: A Perspective aNew DelhibJewish Welfare Associationc2021 a231 aJudaism cBK 00104070aHMIbHMIcGENd2024-02-28eDirector Sirl0o296 MALp11004820r2026-01-16w2026-01-16yBK 00104070aHMIbHMIcGENd2024-02-28eDirector Sirl0o296 MALp11004821r2026-01-16w2026-01-16yBK 00104070aHMIbHMIcGENd2024-02-28eDirector Sirl0o296 MALp11004822r2026-01-16w2026-01-16yBK c23407d23407